000 00877nam a2200217 a 4500
003 0
005 20250313141138.0
008 080723s19uu xx 00 eng d
050 _aPGS LB 3060.33.S4
_b.L477 2008
100 _aLee, Sang Woo.
245 _aLevel of self-confidence and academic performance in English of grade 3 & 4 transfer students /
_cLee, Sang Woo.
260 _aLas PiƱas City, Philippines :
_bSouthville International School and Colleges,
_c2008.
300 _a19 pages :
_billustrations ;
_c28 cm.
504 _aIncludes bibliographical references.
650 _aSelf-confidence in children.
650 _aAcademic achievement
_vEnglish language.
650 _aEnglish language
_vStudy and teaching
_vPrimary students.
650 _aTransfer students
_vAdjustment.
650 _aSchool adjustment
_vGrade school students.
942 _2lcc
_cPASS
999 _c97899
_d97899